| 000 | 01041nam a22003137a 4500 | ||
|---|---|---|---|
| 003 | CHAP | ||
| 005 | 20220329143620.0 | ||
| 008 | 101006s1903 mx r 00010 spa d | ||
| 010 | _a99374 | ||
| 011 | _a100346 | ||
| 035 | _a111032 | ||
| 040 | _cCHAP | ||
| 090 | _aFolleto 17790 | ||
| 100 | 1 |
_aVillarello, Juan D. _9119551 |
|
| 245 | 1 | 0 |
_aGénesis de los yacimientos mercuriales de Palomas y Huitzuco de los Estados de Durango y Guerrero de la república Mexicana _c/por Juan D. Villarello |
| 260 |
_aMéxico, D. F. : _bSecretaría de Fomento, _c1903 |
||
| 300 | _a40 p. | ||
| 590 |
_aBATCH-UPD _b10 _c20130110 _lUCH01 _h1511 |
||
| 590 |
_aBATCH-UPD _b10 _c20130410 _lUCH01 _h0928 |
||
| 590 |
_aBATCH-UPD _b10 _c20130914 _lUCH01 _h1539 |
||
| 590 |
_aCONVERSION _b10 _c20130109 _lUCH01 _h1355 |
||
| 650 | 1 | 4 |
_aGeología. _947604 |
| 650 | 1 | 4 |
_aMercurio. _974959 |
| 650 | 1 | 4 |
_aQuímica. _993552 |
| 650 | 1 | 4 |
_aYacimientos minerales. _9122929 |
| 901 | _aBK | ||
| 942 | _cFOLL | ||
| 949 |
_aFolleto 17790 _bBC _cFOLL _d33724002119256 _eTS1 _i111032 _sb |
||
| 999 |
_c99374 _d99374 |
||